000 00287nam a22001337a 4500
003 SGT
082 _a370
_bH16M
100 _aMALHOTRA, M.R.N.
245 _aHIGHER EDUCATION IN INDIA
260 _aNEW DELHI
_bCONCEPT PUB
_c2016
300 _a477
650 _aEDUCATION
942 _2ddc
_cBK
999 _c12399
_d12399